| 000 | 01271cam a22003014a 4500 | ||
|---|---|---|---|
| 999 |
_c530120 _d530120 |
||
| 001 | 14341093 | ||
| 005 | 20191010153856.0 | ||
| 008 | 060414s2006 enkabf b 001 0 eng | ||
| 010 | _a 2006012510 | ||
| 020 | _a0195304950 (cloth : acidfree paper) | ||
| 020 | _a9780195304954 | ||
| 035 | _a(OCoLC)ocm67383694 | ||
| 040 | _cDLC | ||
| 050 | 0 | 0 | _b.C67 2006 |
| 082 | 0 | 0 | _a623.4511909 |
| 100 | 1 |
_aCorera, Gordon. _923468 |
|
| 245 | 1 | 0 |
_aShopping for bombs : _bnuclear proliferation, global insecurity, and the rise and fall of the A.Q. Khan network / _cGordon Corera. |
| 260 |
_aOxford ; _aNew York : _bOxford University Press, _c2006. |
||
| 300 |
_axvi, 288 p., [8] p. of plates : _bill., maps ; _c25 cm. |
||
| 504 | _aIncludes bibliographical references (p. [253]-274) and index. | ||
| 600 | 1 | 0 |
_aKhan, A. Q. _q(Abdul Qadeer), _d1936- _96520 |
| 650 | 0 |
_aNuclear nonproliferation. _920630 |
|
| 650 | 0 |
_aSecurity, International. _92184 |
|
| 856 | 4 | 1 |
_3Table of contents _uhttp://www.loc.gov/catdir/toc/ecip0612/2006012510.html |
| 856 | 4 | 2 |
_3Contributor biographical information _uhttp://www.loc.gov/catdir/enhancements/fy0723/2006012510-b.html |
| 856 | 4 | 2 |
_3Publisher description _uhttp://www.loc.gov/catdir/enhancements/fy0723/2006012510-d.html |
| 942 |
_2ddc _cBK |
||